Geografía de America Latina.

Guardado en:
Detalles Bibliográficos
Autor principal: Schmieder, Oscar (autor)
Otros autores: Hendrichs Pérez, Pedro R., tr (autor) tr, (autor), Schilling, Hildegard, tr (autor) tr, (autor)
Formato: Libro
Idioma:Español
Temas:
Etiquetas: Agrega una etiqueta
Sin etiquetas, Sé el primero en etiquetar este registro!

MARC

LEADER 00000cam^a2200000uu^4500
001 000477226
005 20250521000000.0
008 050901s1965^^^^^^^^^^^^rd^r^^000^0^spa^d
009 20260310124846.635
035 |a FCE 000020168 
035 |a FCE 028646 
037 |a Acervo ITESO - Biblioteca 
041 |a spa 
082 0 4 |a 918  |b SCHg 
100 |a Schmieder, Oscar  |e (autor) 
245 1 0 |a Geografía de America Latina. 
264 |a México :  |b FCE,  |c 1965. 
300 |a 645 p. 
336 |a texto  |b txt  |2 rdacontenido 
337 |a sin mediación  |b n  |2 rdamedio 
338 |a volumen  |b nc  |2 rdasoporte 
596 |a Traducción de : Die neue welt ; mittel und sudamerika 
649 |a XX 
650 |a Geografía 
650 |a Cultura 
650 |a Recursos naturales 
650 |a Regiones geográficas 
650 |a América Latina 
700 |a Hendrichs Pérez, Pedro R.,  |e tr  |e (autor) 
700 |a Schilling, Hildegard,  |e tr  |e (autor) 
910 |a Fondo Centro de Estudios Educativos 
920 |a Impresos - Libros 
930 |a Fondos Especiales 
905 |a 133 
901 |a ALE028646  |b IT2  |c CEE  |u 20250521 
902 |a https://opac.biblio.iteso.mx/vufind/Record/000477226